000 00367cam a22001217a 4500
008 180718b1965 xxu||||| |||| 00| 0 eng d
082 _aT47x54 B299
100 _aBasu, S.K.
245 _aTheory and practice of development banking: a study in the Asian context
_cby S.K. Basu
260 _aBombay
_bAsia
_c1965
300 _a235p.
650 _aInvestment Banking - India
999 _c359110
_d359110